000 00639nam a22002417a 4500
001 26203
003 UA-OsUOA
005 20230114192637.0
007 ta
008 20040520b un ||||| |||| 00| 0 ukr d
020 _a985-06-0560-Х
040 _aUA-OsUOA
_brus
_cUA-OsUOA
_dUA-OsUOA
041 _arus
044 _aBY
080 _a512.5(075.8)
090 _a512.5(075.8)
_bВ93
245 _aВысшая математика: общий курс
_bучебник
_cред. С. А. Самаль
260 _aМинск
_bВышэйшая школа
_c2000
300 _a351 с.
650 7 _2UDC
942 _cBK
_2udc
955 _a0
999 _c312519
_d312519